Lekársky slovník LINGEA lexikon5

Enregistré dans:
Détails bibliographiques
Format: Livre
Langue:anglais
slovaque
Publié: Bratislava Lingea 2009
Sujets:
Tags: Ajouter un tag
Pas de tags, Soyez le premier à ajouter un tag!

MARC

LEADER 00000nlm a2200000 4500
001 0179113
005 20221206124334.9
041 0 |a eng 
041 0 |a slo 
044 |a SK 
245 1 0 |a Lekársky slovník  |b LINGEA lexikon5 
264 1 |a Bratislava  |b Lingea  |c 2009 
300 |a CD-ROM 
610 2 0 |a medicína 
610 2 0 |a chorobnosť 
610 2 0 |a diagnostikácia 
610 2 0 |a ochrana zdravia 
610 2 0 |a jazyky cudzie 
610 2 0 |a jazykoveda 
610 2 0 |a terminológia